LEADER 01235nam0 22002891i 450 001 UON00200528 005 20231205103251.628 100 $a20030730d1956 |0itac50 ba 101 $aeng 102 $aGB 105 $a|||| 1|||| 200 1 $aMy dear Dorothea$ea practical system of moral education for females embodied in a letter to a young person of that sex$fBernard Shaw$gillustrated by Clare Winsten$gwith a note by Stephen Winsten 210 $aNew York$cthe vanguard$d1956 215 $a 55 p.$cill.$d22 cm. 606 $aLetteratura inglese$xSec. 20.$3UONC076988$2FI 620 $aUS$dNew York$3UONL000050 676 $a824.91$cLetteratura inglese. Saggi. Sec. 20.$v21 700 1$aSHAW$bBernard$3UONV119518$0322209 701 1$aWINSTEN$bClare$3UONV217512$0680066 702 1$aWINSTEN$bStephen$3UONV217513 712 $aThe Vanguard Press$3UONV275742$4650 801 $aIT$bSOL$c20250704$gRICA 899 $aSIBA - SISTEMA BIBLIOTECARIO DI ATENEO$2UONSI 912 $aUON00200528 950 $aSIBA - SISTEMA BIBLIOTECARIO DI ATENEO$dSI Angl V A SHA 052 $eSI MR 53649 5 052 $sBuono 996 $aMy dear Dorothea$91254863 997 $aUNIOR